Korean heritage
Gardado en:
| Autor Corporativo: | |
|---|---|
| Formato: | Libro |
| Idioma: | inglés |
| Publicado: |
Elizabeth
Hollym
1996
|
| Subjects: | |
| Tags: |
Engadir etiqueta
Sen Etiquetas, Sexa o primeiro en etiquetar este rexistro!
|
MARC
| LEADER | 00000nam a2200000 a 4500 | ||
|---|---|---|---|
| 001 | UCR6163 | ||
| 003 | CL-VaPUC | ||
| 008 | 980420e19960000US |||||||||||||||||eng|d | ||
| 082 | 0 | 4 | |a 951.9 |b KOR |2 21 |
| 110 | 2 | |a Korean Overseas Information Services |e author |9 407342 | |
| 245 | 1 | 0 | |a Korean heritage |
| 300 | |a v | ||
| 942 | |c BK | ||
| 945 | |d 19980420 00:00:00 |a rbrito | ||
| 260 | |a Elizabeth |b Hollym |c 1996 | ||
| 650 | 0 | |a Cultura |9 269059 | |
| 650 | 0 | |a Costumbres y tradiciones |9 268292 | |
| 650 | 0 | |a Sociedad |9 307903 | |
| 650 | 0 | |a Civilización oriental |9 317470 | |
| 650 | 0 | |a Arte oriental |9 314876 | |
| 650 | 0 | |a Arte coreano |9 407343 | |
| 650 | 7 | |a POESIA COREANA |2 CL-VaPUC |9 407344 | |
| 651 | 7 | |a COREA |2 CL-VaPUC |9 317315 | |
| 583 | |a last modification |c 19980420 00:00:00 |k Rodrigo Vera | ||
| 999 | |c 268465 |d 268463 | ||
| 952 | |0 0 |1 0 |4 0 |6 951_900000000000000_KOR_1996 |7 0 |8 A |9 301627 |a BIBGIM |b BIBGIM |d 2019-11-20 |h v.1 |i 3411486 |o 951.9 KOR 1996 |p 3411486 |r 2025-01-15 |w 2019-11-20 |y BK |k ORI | ||
| 952 | |0 0 |1 0 |4 0 |6 951_900000000000000_KOR_1996 |7 0 |8 A |9 301628 |a BIBGIM |b BIBGIM |d 2019-11-20 |h v.2 |i 3411427 |o 951.9 KOR 1996 |p 3411427 |r 2025-01-15 |w 2019-11-20 |y BK |k ORI | ||